[Event "ch-Frankfurt A"]
[White "Krause, Jonah"]
[Black "Rondonuwu, Grover"]
[Site "Frankfurt"]
[Result "1-0"]
[Round "3.1"]
[WhiteElo "2374"]
[BlackElo "2015"]
[Date "2024.05.13"]
[PlyCount "200"]
[Time "18:30:00"]
[WhiteTeam "FC ST.Pauli 1910 eV SAbt"]
[BlackTeam "Sabt Frankfurter TV 1860"]

1. d4 d5 2. c4 c6 3. Nc3 Nf6 4. e3 a6 5. Nf3 b5 6. b3 Bf5 7. a4 b4 8. Ne2 Ne4 9. Ng3 Nxg3 10. hxg3 h6 11. Bd3 Bxd3 12. Qxd3 Nd7 13. e4 Nf6 14. e5 Ne4 15. e6 f6 16. Rh4 g5 17. Rxe4 dxe4 18. Qxe4 Qd6 19. Be3 O-O-O 20. Rd1 f5 21. Qxf5 Bg7 22. Ke2 Qc7 23. d5 Bc3 24. Qe4 cxd5 25. cxd5 Qd6 26. g4 Rhf8 27. g3 Kb7 28. Rd3 Rc8 29. a5 Bf6 30. Nd2 Kb8 31. Nc4 Qd8 32. d6 Rxc4 33. Qxc4 Qxa5 34. d7 Bc3 35. Rd5 Qc7 36. Rc5 Qb7 37. Rc6  1-0

[Event "ch-Frankfurt A"]
[White "Engel, Manfred"]
[Black "Neukirchner, Pascal"]
[Site "Frankfurt"]
[Result "0-1"]
[Round "3.2"]
[WhiteElo "2234"]
[BlackElo "2230"]
[Date "2024.05.13"]
[PlyCount "300"]
[Time "18:30:00"]
[WhiteTeam "SC Frankfurt-West"]
[BlackTeam "SK Gründau"]

1. c4 c5 2. Nc3 g6 3. g3 Bg7 4. Bg2 Nc6 5. a3 d6 6. Rb1 a5 7. d3 e5 8. e4 Nge7 9. 
Nge2 O-O 10. O-O Rb8 11. Nb5 h6 12. h3 Be6 13. Kh2 Qd7 14. Nec3 f5 15. f4 Nd4 16. 
Nxd4 cxd4 17. Nd5 fxe4 18. dxe4 b5 19. fxe5 dxe5 20. Rxf8+ Rxf8 21. Nxe7+ Qxe7 22. 
cxb5 Qb7 23. a4 Rf2 24. Qe1 Rc2 25. Bd2 Bb3 26. Bxa5 Bxa4 27. b6 Bc6 28. Qd1 d3 
29. Rc1 Rxb2 30. Rxc6 Qxc6 31. Qxd3 Kh7 32. Kh1 Qa4 33. Bc3 Rxb6 34. Qd5 Qb3 35. 
Qxb3 Rxb3 36. Bd2 Rxg3  0-1

[Event "ch-Frankfurt A"]
[White "Lenhard, Martin"]
[Black "Nehmert, Ulrich"]
[Site "Frankfurt"]
[Result "1/2-1/2"]
[Round "3.3"]
[WhiteElo "2004"]
[BlackElo "2255"]
[Date "2024.05.13"]
[PlyCount "300"]
[Time "18:30:00"]
[WhiteTeam "SV 1920 Hofheim"]
[BlackTeam "Wiesbadener SV 1885"]

1. e4 c6 2. d4 d5 3. f3 e6 4. Nc3 b5 5. Bd3 Nf6 6. e5 Nfd7 7. f4 b4 8. Nce2 c5 9. 
c3 Qb6 10. Nf3 Nc6  1/2-1/2

[Event "ch-Frankfurt A"]
[White "Casagrande, Thomas, Dr."]
[Black "Foerster-Yialamas, Lucas"]
[Site "Frankfurt"]
[Result "1/2-1/2"]
[Round "3.4"]
[WhiteElo "2015"]
[BlackElo "2116"]
[Date "2024.05.13"]
[PlyCount "300"]
[Time "18:30:00"]
[WhiteTeam "Sabt Frankfurter TV 1860"]
[BlackTeam "Sabt Frankfurter TV 1860"]

1. d4 Nf6 2. Nf3 d5 3. e3 Bf5 4. Bd3 Bxd3 5. Qxd3 a6 6. O-O e6 7. Nbd2 c5 8. dxc5 
Bxc5 9. e4 dxe4 10. Qxd8+ Kxd8 11. Ng5 Ke7 12. Ndxe4 Nbd7 13. Nxc5 Nxc5 14. b3 Rac8 
15. Ba3 b5 16. c4 bxc4 17. bxc4 h6 18. Nf3 Nfd7 19. Rfd1 Rc6 20. Rxd7+ Kxd7 21. 
Ne5+ Kc7 22. Nxc6 Kxc6 23. Rd1 Nb7 24. g4 h5 25. h3 hxg4 26. hxg4 Rh4 27. f3 e5 
28. Kg2 g6 29. Re1 Rh8 30. Rxe5 Rd8 31. Kf2 Rd2+ 32. Re2 Rd4  1/2-1/2

[Event "ch-Frankfurt A"]
[White "Yalcin, Alparslan"]
[Black "Orwatsch, Gerhard"]
[Site "Frankfurt"]
[Result "1-0"]
[Round "3.5"]
[WhiteElo "2107"]
[BlackElo "2051"]
[Date "2024.05.13"]
[PlyCount "300"]
[Time "18:30:00"]
[WhiteTeam "SC Kitzingen von 1905"]
[BlackTeam "SK 1858 Gießen"]

1. e4 c6 2. d4 d5 3. e5 c5 4. dxc5 e6 5. a3 Bxc5 6. Nf3 Nc6 7. b4 Bb6 8. Bb2 Nge7 
9. Nbd2 Ng6 10. c4 O-O 11. g3 Bc7 12. Qe2 d4 13. Nb3 Ngxe5 14. Nbxd4 Nxd4 15. Nxd4 
Ng6 16. Bg2 Qe7 17. O-O e5 18. Rfe1 Re8 19. Qc2 Qf8 20. Nb5 Bb8 21. Rad1 f5 22. 
c5 e4 23. Nd6 Re7 24. f3 Be6 25. fxe4 f4 26. e5 Bg4 27. Bd5+ Kh8 28. Rc1 Bxd6 29. 
exd6 Re3 30. Rxe3 fxe3 31. Rf1 Qxf1+ 32. Kxf1 e2+ 33. Ke1 Rf8 34. Bg2  1-0

[Event "ch-Frankfurt A"]
[White "Reschke, Thomas"]
[Black "Mayer, Frank"]
[Site "Frankfurt"]
[Result "1/2-1/2"]
[Round "3.7"]
[WhiteElo "2103"]
[BlackElo "2009"]
[Date "2024.05.13"]
[PlyCount "300"]
[Time "18:30:00"]
[WhiteTeam "SC Frankfurt-West"]
[BlackTeam "Wiesbadener SV 1885"]

1. g3 e5 2. c4 f5 3. Bg2 Nf6 4. d3 c6 5. d4 d6 6. dxe5 dxe5 7. Qxd8+ Kxd8 8. Nf3 
Nbd7 9. O-O Bd6 10. Nc3 e4 11. Ng5 Ke7 12. f3 h6 13. Nh3 exf3 14. exf3 Kf7 15. b4 
Be5  1/2-1/2

[Event "ch-Frankfurt A"]
[White "Trierweiler, Joachim"]
[Black "Steudel, Max"]
[Site "Frankfurt"]
[Result "0-1"]
[Round "3.8"]
[WhiteElo "1875"]
[BlackElo "2031"]
[Date "2024.05.13"]
[PlyCount "300"]
[Time "18:30:00"]
[WhiteTeam "Vorw.Orient Mainz"]
[BlackTeam "SC Brett vorm Kopp Ffm"]

1. Nf3 d5 2. c4 c6 3. cxd5 cxd5 4. g3 Nf6 5. Bg2 g6 6. O-O Bg7 7. d3 O-O 8. Bd2 Qb6 
9. Nc3 Nc6 10. Na4 Qd8 11. a3 h6 12. Rc1 Re8 13. b4 e5 14. b5 Na5 15. Qc2 Bd7 16. 
Qc7 Nb3 17. Qxd8 Raxd8 18. Rb1 Nxd2 19. Nxd2 Rc8 20. Rfc1 Rxc1+ 21. Rxc1 Bxb5 22. 
Nc3 Bc6 23. e4 Rd8 24. exd5 Nxd5 25. Nce4 Bf8 26. Nc4 f5 27. Nxe5 fxe4 28. Bxe4 
Ne7 29. Rb1 Bxe4 30. dxe4 b6 31. Rc1 Rd4 32. Rc7 Ra4 33. Rc3 Bg7 34. Rc4 Rxc4 35. 
Nxc4 Kf7 36. a4 Ke6 37. f4 Bd4+ 38. Kg2 a6 39. Kf3 b5 40. axb5 axb5 41. Nd2 Nc6 
42. Ke2 Bg1 43. h3 Kd6 44. g4 g5 45. f5 Bb6 46. Kd3 Nd4 47. Nb1 Nf3 48. Nc3 Ne5+ 
49. Kc2 Kc5 50. Nd5 Bd8 51. f6 Kd4 52. Ne7 Kxe4 53. Nf5 Nf7 54. h4 Bxf6 55. hxg5 
hxg5 56. Ng3+ Kf3 57. Nh5 Be5  0-1

[Event "ch-Frankfurt A"]
[White "Plattner, Rolf"]
[Black "Hochmuth, Christian"]
[Site "Frankfurt"]
[Result "0-1"]
[Round "3.9"]
[WhiteElo "1832"]
[BlackElo "1996"]
[Date "2024.05.13"]
[PlyCount "300"]
[Time "18:30:00"]
[WhiteTeam "SK Langen"]
[BlackTeam "Schachdrachen Büdingen-Wächtersb"]

1. e4 c6 2. d4 d5 3. Nc3 dxe4 4. Nxe4 Nf6 5. Nxf6+ exf6 6. Nf3 Bd6 7. Be2 O-O 8. 
O-O Re8 9. h3 Nd7 10. c4 Nf8 11. Re1 Ng6 12. Bf1 Be6 13. Qb3 Qb6 14. Qc2 Qc7 15. 
Bd2 Rac8 16. Rac1 Qd7 17. Qd3 Bf8 18. Re4 Red8 19. Ree1 Qd6 20. g3 Qd7 21. Kh2 h5 
22. Be3 h4 23. Ng1 Bf5 24. Qe2 Qc7 25. f4 hxg3+ 26. Kh1 Nxf4 27. Qf3 g2+ 28. Bxg2 
Nd3  0-1

[Event "ch-Frankfurt A"]
[White "Weber, Axel"]
[Black "Biegel, Thomas"]
[Site "Frankfurt"]
[Result "0-1"]
[Round "3.10"]
[WhiteElo "1508"]
[BlackElo "1974"]
[Date "2024.05.13"]
[PlyCount "300"]
[Time "18:30:00"]
[WhiteTeam "SF Frankfurt 1921"]
[BlackTeam "SVG Eppstein 1932"]

1. d4 d5 2. c4 e6 3. e3 Nf6 4. Nc3 c6 5. Nf3 Nbd7 6. Bd3 dxc4 7. Bxc4 b5 8. Bd3 Bb7 
9. a3 a6 10. O-O c5 11. Re1 Be7 12. Bd2 O-O 13. Rb1 Rc8 14. Ng5 Qb6 15. Nge4 Rfd8 
16. dxc5 Bxc5 17. Qe2 Be7 18. f3 Nd5 19. Nxd5 exd5 20. Nf2 Ne5 21. Bc3 Nc4 22. Bd4 
Bc5 23. Bxc5 Rxc5 24. Bxc4 bxc4 25. Red1 Bc6 26. Rbc1 Rb8 27. Rd2 Rb5 28. Rcc2 Re8 
29. Nd1 Rb3 30. Rc3 Rxc3 31. bxc3 Qc5 32. Ra2 Ba4  0-1

[Event "ch-Frankfurt A"]
[White "Diehl, Felix"]
[Black "Ghaznavi, Massoud"]
[Site "Frankfurt"]
[Result "1-0"]
[Round "3.11"]
[WhiteElo "1867"]
[BlackElo "1722"]
[Date "2024.05.13"]
[PlyCount "300"]
[Time "18:30:00"]
[WhiteTeam "SC Matt im Park Ffm"]
[BlackTeam "SV Oberursel"]

1. e4 e5 2. Nf3 d6 3. d4 Bg4 4. dxe5 Bxf3 5. Qxf3 dxe5 6. Bc4 Nf6 7. Qb3 Qe7 8. Nc3 
c6 9. Bg5 h6 10. Bxf6 gxf6 11. O-O-O Rh7 12. Nd5 cxd5 13. Bb5+ Nc6 14. exd5 Qc7 
15. Qa4 a6 16. dxc6 Rd8 17. cxb7+ axb5 18. Qxb5+ Ke7 19. Rxd8 Qxd8 20. b8Q Qxb8 
21. Qxb8 Rh8 22. Rd1 h5 23. Qc7+  1-0

[Event "ch-Frankfurt A"]
[White "Rabiya, Karim"]
[Black "Veenstra, Sander"]
[Site "Frankfurt"]
[Result "1-0"]
[Round "3.12"]
[WhiteElo "1841"]
[BlackElo "1943"]
[Date "2024.05.13"]
[PlyCount "300"]
[Time "18:30:00"]
[WhiteTeam "SK Niederbrechen 1948"]
[BlackTeam "SC Bad Soden"]

1. e4 e6 2. d4 d5 3. e5 c5 4. c3 Nc6 5. Nf3 Bd7 6. Be2 f6 7. O-O fxe5 8. dxe5 Qc7 
9. Re1 O-O-O 10. a4 Nh6 11. Bf4 Nf7 12. Na3 a6 13. Nc2 h6 14. b4 cxb4 15. cxb4 Nxb4 
16. Rc1 Nc6 17. Bb5 Bc5 18. Ncd4 Qb6 19. a5 Nxa5 20. Bxd7+ Kxd7 21. Qa4+ Nc6 22. 
Be3 Qb4 23. Qd1 Bxd4 24. Bxd4 Nxd4 25. Nxd4 Rb8 26. Qg4 Qe7 27. f4 h5 28. Qh3 Nh6 
29. Nxe6 Ng4 30. Rc7+ Kxe6 31. f5+ Kf7 32. Rxe7+ Kxe7 33. Qa3+ Kf7 34. Qd6 Rhd8 
35. Qg6+ Kg8 36. h3 Nh6 37. f6  1-0

[Event "ch-Frankfurt A"]
[White "Erbach, Jürgen"]
[Black "Brehme, Ralf-Peter"]
[Site "Frankfurt"]
[Result "0-1"]
[Round "3.13"]
[WhiteElo "1590"]
[BlackElo "1952"]
[Date "2024.05.13"]
[PlyCount "300"]
[Time "18:30:00"]
[WhiteTeam "Sfr.1932 Kelkheim"]
[BlackTeam "Vorw.Orient Mainz"]

1. Nf3 f5 2. e3 Nf6 3. c4 g6 4. Nc3 Bg7 5. b3 O-O 6. Bb2 d6 7. d4 e6 8. Bd3 Qe7 9. 
O-O Nc6 10. a4 b6 11. Ba3 a5 12. Rc1 Nb4 13. Re1 Bb7 14. Bxb4 axb4 15. Nb1 e5 16. 
dxe5 dxe5 17. Be2 c5 18. Rc2 e4 19. Nfd2 Rad8 20. Qc1 Nd7 21. f4 exf3 22. Bxf3 Ne5 
23. Bxb7 Nd3 24. Bd5+ Rxd5 25. Qd1 Nxe1 26. cxd5 Qxe3+  0-1

[Event "ch-Frankfurt A"]
[White "Rotermund, Verena"]
[Black "Noble, Fabian"]
[Site "Frankfurt"]
[Result "1/2-1/2"]
[Round "3.15"]
[WhiteElo "1765"]
[BlackElo "2060"]
[Date "2024.05.13"]
[PlyCount "300"]
[Time "18:30:00"]
[WhiteTeam "Vorw.Orient Mainz"]
[BlackTeam "vereinslos"]

1. e4 d6 2. f4 c5 3. Nc3 Nc6 4. Bc4 Nf6 5. Nf3 a6 6. a4 e6 7. Bb3 Qc7 8. O-O Bd7 
9. d3 Be7 10. Qe1 O-O-O 11. h3 h6 12. e5 Nh7 13. exd6 Bxd6 14. Ne4 Nf6 15. Nxd6+ 
Qxd6 16. Qf2 Nd5 17. Nd2 f5 18. Nc4 Qf8 19. Bd2 Kb8 20. Rae1 Nd4 21. Ba5 Rc8 22. 
Ne5 Be8 23. Bc4 Nc6 24. Nxc6+ Rxc6 25. Qf3 Bf7 26. Re5 Qc8 27. Bd2 Rg8 28. c3 Qc7 
29. b4 cxb4 30. cxb4 Nxb4 31. Kh1 Nd5 32. Rb1 g5 33. Bxd5 exd5 34. fxg5 hxg5 35. 
Rxf5 g4 36. Qf1 gxh3 37. g3 Be6 38. Bf4 Rd6 39. Bxd6 Qxd6 40. Qf4  1/2-1/2

[Event "ch-Frankfurt A"]
[White "Kuckel, Michael, Dr."]
[Black "McAdam, Mark, Dr."]
[Site "Frankfurt"]
[Result "0-1"]
[Round "3.16"]
[WhiteElo "1720"]
[BlackElo "1995"]
[Date "2024.05.13"]
[PlyCount "300"]
[Time "18:30:00"]
[WhiteTeam "SC Matt im Park Ffm"]
[BlackTeam "SC Brett vorm Kopp Ffm"]

1. d4 Nf6 2. Nf3 e6 3. e3 Be7 4. Bd3 b6 5. Nbd2 O-O 6. O-O c5 7. c3 Ba6 8. c4 d5 
9. b3 Nc6 10. Bb2 Rc8 11. Rc1 Rc7 12. Re1 cxd4 13. exd4 Qc8 14. Ne5 dxc4 15. bxc4 
Rd8 16. Ndf3 Nb4 17. Bb1 h6 18. Qa4 Bxc4 19. a3 b5 20. Qd1 Nbd5 21. h3 Rd6 22. Qd2 
Ra6 23. g4 Rxa3 24. g5 Bb4 25. Qc2 hxg5 26. Nxg5 Ra4 27. Nh7 Bxe1 28. Rxe1 Ba2 29. 
Nxf6+ Nxf6 30. Qd3 Bxb1 31. Rxb1 Qb7 32. Bc1 a6 33. Bg5 Qe4 34. Rd1 Qxd3 35. Rxd3 
b4 36. Ng4 Nxg4 37. hxg4 Ra3 38. Rd1 b3 39. d5 exd5 40. Rxd5 b2  0-1

[Event "ch-Frankfurt A"]
[White "Rutsatz, Mario"]
[Black "Leitzig, Reamonn Franky James"]
[Site "Frankfurt"]
[Result "1-0"]
[Round "3.17"]
[WhiteElo "1948"]
[BlackElo "1748"]
[Date "2024.05.13"]
[PlyCount "300"]
[Time "18:30:00"]
[WhiteTeam "SC 1961 König Nied"]
[BlackTeam "SV 1934 Ffm-Griesheim"]

1. Nf3 c5 2. c4 Nc6 3. d4 cxd4 4. Nxd4 Qb6 5. Nb3 Nf6 6. Nc3 g6 7. e4 Bg7 8. Be2 
d6 9. Be3 Qd8 10. O-O O-O 11. f3 Rb8 12. Rc1 Bd7 13. c5 dxc5 14. Nxc5 e6 15. Bf4 
e5 16. Bg5 Be6 17. Nxe6 fxe6 18. Qxd8 Rbxd8 19. Bc4 Nd4 20. Nb5 Nxb5 21. Bxb5 Rd6 
22. Be3 b6 23. Rc7 Rf7 24. Rfc1 Rxc7 25. Rxc7 a5 26. Rc6 Ne8 27. Rc8  1-0

[Event "ch-Frankfurt A"]
[White "Bonnaire, Ulrich"]
[Black "Shanawaz Thabrez, Shahzaib"]
[Site "Frankfurt"]
[Result "1-0"]
[Round "3.18"]
[WhiteElo "2135"]
[BlackElo "1761"]
[Date "2024.05.13"]
[PlyCount "300"]
[Time "18:30:00"]
[WhiteTeam "SC Frankfurt-West"]
[BlackTeam "SK Langen"]

1. e4 e5 2. Nf3 Nc6 3. Bb5 Nf6 4. Qe2 d6 5. c3 Be7 6. d4 exd4 7. cxd4 O-O 8. h3 Bd7 
9. Nc3 a6 10. Bd3 Nb4 11. Bb1 Bb5 12. Nxb5 axb5 13. Qxb5 d5 14. e5 Ne4 15. O-O c6 
16. Qe2 f5 17. exf6 Nxf6 18. Qe6+ Kh8 19. Ng5 Qe8 20. Bd2 h6 21. Nf3 Ne4 22. Bxe4 
dxe4 23. Qxe4 Nd5 24. Ne5 Rf6 25. f4 Bd6 26. Be1 Bxe5 27. dxe5 Re6 28. Bh4 Ra6 29. 
Rae1 Qf8 30. f5 Re8 31. a3 Qc5+ 32. Kh1 Qb5 33. f6 Ra4 34. Qg6 gxf6 35. Bxf6+ Nxf6 
36. Qxf6+ Kg8 37. Qg6+ Kh8 38. Rf7 Qf1+ 39. Rexf1 Rf4 40. Qg7#  1-0

[Event "ch-Frankfurt A"]
[White "Staeger, Tim"]
[Black "Ottenburg, Ralph"]
[Site "Frankfurt"]
[Result "1/2-1/2"]
[Round "3.19"]
[WhiteElo "1639"]
[BlackElo "1962"]
[Date "2024.05.13"]
[PlyCount "300"]
[Time "18:30:00"]
[WhiteTeam "SF Frankfurt 1921"]
[BlackTeam "Sabt Frankfurter TV 1860"]

1. d4 Nf6 2. c4 g6 3. Nf3 Bg7 4. Nc3 O-O 5. e4 d6 6. Be2 e5 7. dxe5 dxe5 8. Qxd8 
Rxd8 9. Nd5 Nxd5 10. cxd5 c6 11. Bc4 h6 12. h3 cxd5 13. Bxd5 Nc6 14. O-O Nb4 15. 
Bc4 Nc2 16. Rb1 Bd7 17. Bxh6 Bxh6 18. Nxe5 Be8 19. Nxg6 Kg7 20. Ne7 Nd4 21. Rbd1 
Nc6 22. Nf5+ Kh7 23. Nxh6 Kxh6 24. f4 Rxd1 25. Rxd1 Rd8 26. Rxd8 Nxd8 27. g4 Bc6 
28. e5 Ne6 29. Bxe6 fxe6 30. Kf2 Kg6 31. h4 Bd5 32. a3 Bb3 33. Kg3 Bc2 34. h5+ Kh6 
35. Kh4 Bd3 36. g5+ Kg7 37. Kg3 Bc2 38. b4 a6 39. Kf2 Bd1 40. h6+ Kf7 41. Ke3 Bc2 
42. Kd4 b6 43. Kc3 Bh7 44. a4 Kg6 45. Kd4 Kf5 46. a5 bxa5 47. bxa5 Kxf4 48. Kc5 
Kxe5 49. Kb6 Bd3 50. g6 Bxg6 51. Kxa6 Kf6 52. Kb5 Be4 53. Kc5 Kg6 54. Kd6 Kxh6  1/2-1/2

[Event "ch-Frankfurt A"]
[White "Landvoigt, Martin"]
[Black "Philipp, Nils"]
[Site "Frankfurt"]
[Result "0-1"]
[Round "3.20"]
[WhiteElo "1593"]
[BlackElo "1907"]
[Date "2024.05.13"]
[PlyCount "300"]
[Time "18:30:00"]
[WhiteTeam "vereinslos"]
[BlackTeam "Sabt Frankfurter TV 1860"]

1. d4 Nf6 2. f4 d5 3. Nf3 Bf5 4. e3 e6 5. Bd3 Be7 6. O-O O-O 7. c3 c5 8. Qc2 Bxd3 
9. Qxd3 Nc6 10. Nbd2 Rc8 11. Ng5 h6 12. Ngf3 a6 13. Ne5 b5 14. a3 c4 15. Qe2 a5 
16. Rf3 b4 17. Rg3 Nxe5 18. fxe5 Ne4 19. Nxe4 dxe4 20. Qg4 g6 21. Qxe4 Kg7 22. Qf3 
bxa3 23. bxa3 Qd5 24. e4 Qb5 25. Qe2 Qc6 26. a4 Rb8 27. Qc2 Rb3 28. Rh3 Rh8 29. 
Qe2 g5 30. Rf3 Rf8 31. Rf1 Rxc3 32. Rd1 Qb6 33. Be3 Qb3 34. Bf2 Rc2 35. Rd2 Rxd2 
36. Qxd2 Bb4 37. Qc1 Qd3 38. Qe3 Qxe3 39. Bxe3 Rd8 40. Rd1 Bc3 41. Kf1 Bb2 42. Ke2 
Rb8 43. Kd2 Rb3 44. Bg1 Rb4 45. Kc2 c3 46. d5 Rxe4 47. Rf1 exd5 48. Kb3 Rb4+ 49. 
Kc2 Rxa4 50. Re1 Ra1 51. Rxa1 Bxa1 52. Bd4 Kg6 53. Bxc3 Bxc3 54. Kxc3 Kf5 55. Kd4 
Ke6 56. g4 a4 57. h3 a3 58. Kc3 Kxe5 59. Kb3 Kd4 60. Kxa3 Kc3 61. Ka4 d4  0-1

[Event "ch-Frankfurt A"]
[White "Gutacker, Stephan"]
[Black "Tews, Artur"]
[Site "Frankfurt"]
[Result "1-0"]
[Round "3.21"]
[WhiteElo "1932"]
[BlackElo "1672"]
[Date "2024.05.13"]
[PlyCount "300"]
[Time "18:30:00"]
[WhiteTeam "Sfr.1932 Kelkheim"]
[BlackTeam "SK 1959 Bischofsheim"]

1. e4 c5 2. c3 Nc6 3. d4 cxd4 4. cxd4 Qb6 5. Nf3 d6 6. d5 Ne5 7. Nxe5 dxe5 8. Nc3 
Bd7 9. Bd3 Nf6 10. O-O g6 11. Qe2 a6 12. Be3 Qa5 13. f3 Bg7 14. Qf2 Qc7 15. Rfc1 
Qb8 16. Bc5 b5 17. b4 Qb7 18. a4 Rc8 19. axb5 axb5 20. Ra7 Qb8 21. Rca1 O-O 22. 
Qe2 Rfe8 23. Nxb5 Bf8 24. R7a6 Red8 25. Rb6 Bxb5 26. Rxb5  1-0

[Event "ch-Frankfurt A"]
[White "Hitz, Ben"]
[Black "Winter, Olaf"]
[Site "Frankfurt"]
[Result "1-0"]
[Round "3.22"]
[WhiteElo "1833"]
[BlackElo "1639"]
[Date "2024.05.13"]
[PlyCount "300"]
[Time "18:30:00"]
[WhiteTeam "vereinslos"]
[BlackTeam "SV Tübingen 1870 e.V."]

1. e4 c5 2. Nf3 e6 3. d4 cxd4 4. Nxd4 a6 5. c4 g6 6. Be2 Bg7 7. O-O Ne7 8. Nc3 O-O 
9. Be3 Nbc6 10. Nxc6 bxc6 11. Qc2 Bb7 12. Rad1 Qc7 13. Na4 Nc8 14. c5 d6 15. cxd6 
Nxd6 16. Rd2 c5 17. f3 f5 18. Nxc5 fxe4 19. Nxb7 Qxc2 20. Rxc2 exf3 21. Bxf3 Nf5 
22. Bf2 Rab8 23. b3 Bd4 24. Bxd4 Nxd4 25. Rc7 Rbc8 26. Rxc8 Rxc8 27. Rd1  1-0

[Event "ch-Frankfurt A"]
[White "Held, Bernhard"]
[Black "Döhne, Vincent"]
[Site "Frankfurt"]
[Result "1/2-1/2"]
[Round "3.23"]
[WhiteElo "1899"]
[BlackElo "1623"]
[Date "2024.05.13"]
[PlyCount "300"]
[Time "18:30:00"]
[WhiteTeam "SK 1908 Göggingen"]
[BlackTeam "SC 1979 Hattersheim"]

1. d4 d5 2. c4 c6 3. Nc3 Nf6 4. Nf3 dxc4 5. e4 b5 6. Qc2 e6 7. a4 Bd7 8. Be2 Na6 
9. axb5 Nb4 10. Qa4 cxb5 11. Nxb5 Rb8 12. Bxc4 a6 13. Qd1 axb5 14. Bd3 Nxd3+ 15. 
Qxd3 Bb4+ 16. Bd2 Bxd2+ 17. Nxd2 Ra8 18. O-O O-O 19. Nb3 Qb6 20. Nc5 Bc6 21. b4 
Rxa1 22. Rxa1 Ra8 23. Rc1 Ra2 24. f3 g6 25. Qb3 Qa7 26. Nxe6 fxe6 27. Qxe6+ Kg7 
28. Qxc6 Qxd4+ 29. Kh1 Ra1 30. h3 Rxc1+ 31. Qxc1 Qxb4 32. Qc7+ Kf8 33. Qb8+ Kf7 
34. Qb7+ Ke6 35. Qc6+ Ke7 36. Qc7+ Nd7 37. Qf4 Qd6 38. Qg5+ Qf6 39. Qxb5 Qa1+ 40. 
Kh2 Qe5+ 41. Qxe5+ Nxe5 42. f4 Nd3 43. Kg3 Kf6 44. Kf3 g5 45. g3 h5 46. Ke3 Ne1 
47. Ke2 Nc2 48. Kf2 g4 49. hxg4 hxg4 50. Ke2 Ke6 51. Kd2 Nd4 52. Ke3 Nf3 53. Kf2 
Kd6 54. Ke3 Nh2 55. Kf2 Kc5 56. Ke3 Nf1+ 57. Kf2 Nh2 58. Ke3 Nf1+  1/2-1/2

[Event "ch-Frankfurt A"]
[White "Raumanns, Niklas"]
[Black "Dolidze, David"]
[Site "Frankfurt"]
[Result "1/2-1/2"]
[Round "3.25"]
[WhiteElo "1844"]
[BlackElo "1593"]
[Date "2024.05.13"]
[PlyCount "300"]
[Time "18:30:00"]
[WhiteTeam "SC Bergen-Enkheim 1922"]
[BlackTeam "SC Eschborn 1974"]

1. b3 d5 2. Bb2 c5 3. e3 Nc6 4. Bb5 Nf6 5. c4 e6 6. Nf3 Be7 7. O-O O-O 8. cxd5 exd5 
9. d4 Bg4 10. Nbd2 cxd4 11. Bxc6 bxc6 12. Bxd4 c5 13. Bb2 Rc8 14. Rc1 Qb6 15. Qc2 
Bh5 16. Ne5 Rfd8 17. Qf5 Bg6 18. Nxg6 hxg6 19. Qf4 Nh5 20. Qg4 Bf6 21. Bxf6 Nxf6 
22. Qe2 Qb7 23. Rfe1 Rc7 24. h3  1/2-1/2

[Event "ch-Frankfurt A"]
[White "Bittner, Peter"]
[Black "Sonntag, Chris"]
[Site "Frankfurt"]
[Result "1/2-1/2"]
[Round "3.26"]
[WhiteElo "1892"]
[BlackElo "1285"]
[Date "2024.05.13"]
[PlyCount "300"]
[Time "18:30:00"]
[WhiteTeam "SC 1961 König Nied"]
[BlackTeam "SK 1959 Bischofsheim"]

1. e4 d5 2. exd5 Nf6 3. Nf3 Nxd5 4. c4 Nf6 5. d4 e6 6. Nc3 Be7 7. Bd3 O-O 8. a3 b6 
9. O-O Bb7 10. Be3 Nbd7 11. h3 c5 12. d5 exd5 13. cxd5 Bd6 14. Bg5 Ne5 15. Be4 a6 
16. Nd2 h6 17. Bh4 Ng6 18. Bxf6 Qxf6 19. Qc2 b5 20. Rae1 Ne7 21. Bf3 Qf4 22. g3 
Qf5 23. Qxf5 Nxf5 24. Nce4 Be5 25. Nxc5 Bxb2 26. Nxb7 Bxa3 27. d6 Nd4 28. Bd5 Bb4 
29. Re4 Bc3 30. Nb1 Bb2 31. d7 a5 32. Nxa5 Rxa5 33. Re8 Ne2+ 34. Kh2 Bf6 35. Rxe2 
b4 36. Bb3 Ra7 37. Rd1 Kh7 38. Re4 Rd8 39. Bxf7 Rdxd7 40. Rxd7 Rxd7 41. Be6 Rb7 
42. h4 b3 43. h5 g5 44. hxg6+ Kxg6 45. Re3 b2 46. g4 Rc7 47. Re2 Kg5 48. f3 Rc1 
49. Bf5 h5 50. Nd2 Kh4 51. gxh5 Kxh5 52. f4 Rd1 53. Kg3 Kh6 54. Kf2 Bc3 55. Nb1 
Rd4  1/2-1/2

[Event "ch-Frankfurt A"]
[White "Kulkovets, Roman"]
[Black "Wundram, Til"]
[Site "Frankfurt"]
[Result "1-0"]
[Round "3.27"]
[WhiteElo "1685"]
[BlackElo "1557"]
[Date "2024.05.13"]
[PlyCount "300"]
[Time "18:30:00"]
[WhiteTeam "SAbt TuS Makkabi Ffm"]
[BlackTeam "vereinslos"]

1. e4 c6 2. d4 d5 3. Nc3 c5 4. exd5 Nf6 5. dxc5 e5 6. d6 Nc6 7. Bg5 h6 8. Bxf6 gxf6 
9. Nd5 Qa5+ 10. c3 Kd8 11. b4 Qa3 12. Qf3 Bg7 13. Bb5 h5 14. h3 a5 15. Nc7 Ra7 16. 
Ne2 axb4 17. Bxc6 bxc6 18. Qxc6 Bb7 19. Qb6 Kd7 20. Nb5 Qa5 21. Nxa7 Qxb6 22. cxb6 
bxc3 23. Nxc3 e4 24. Rc1 f5 25. Ne2 Rh6 26. Rc7+ Kxd6 27. Rxf7  1-0

[Event "ch-Frankfurt A"]
[White "Hudobec, Nicolas"]
[Black "Schulze, Manfred"]
[Site "Frankfurt"]
[Result "1-0"]
[Round "3.28"]
[WhiteElo "1362"]
[BlackElo "1887"]
[Date "2024.05.13"]
[PlyCount "300"]
[Time "18:30:00"]
[WhiteTeam "SC Eschbach im Usinger Land"]
[BlackTeam "SC Steinbach"]

1. c4 f5 2. Nf3 g6 3. Nc3 Nf6 4. d3 Bg7 5. g3 d6 6. Bg2 e5 7. e4 Nc6 8. O-O O-O 9. 
Rb1 Be6 10. Bg5 Qd7 11. Qe2 Nh5 12. exf5 Bxf5 13. Nh4 Bh3 14. Bd5+ Kh8 15. Qe4 Bf5 
16. Nxf5 Qxf5 17. Qxf5 Rxf5 18. Be3 Rff8 19. Nb5 Nf6 20. Bxc6 bxc6 21. Nxc7 Rab8 
22. Ne6 Rf7 23. Nxg7 Kxg7 24. f4 Ng4 25. Bd2 Re8 26. Rbe1 Kg8 27. h3 Nf6 28. Bc3 
e4 29. Bxf6 Rxf6 30. Rxe4 Rxe4 31. dxe4 Re6 32. Re1 d5 33. cxd5 cxd5 34. e5 Rc6 
35. Re2 Kf7 36. Kf2 Ke6 37. Kf3 Rc4 38. Re3 Rc2 39. Rb3 Rh2 40. h4 h5 41. Rb7 Rd2 
42. Rxa7 Rd3+ 43. Ke2 Rxg3 44. b4 Kf5 45. b5 Kxf4 46. b6 Kxe5 47. b7 Rg2+ 48. Kd3 
Rb2 49. a4 Kd6 50. a5 Kc7 51. a6 Rb4 52. Ra8  1-0

[Event "ch-Frankfurt A"]
[White "Zimmer, Gerald, Dr."]
[Black "Rohatgi, Kushagra"]
[Site "Frankfurt"]
[Result "1-0"]
[Round "3.29"]
[WhiteElo "1944"]
[BlackElo "1723"]
[Date "2024.05.13"]
[PlyCount "300"]
[Time "18:30:00"]
[WhiteTeam "SC Bergen-Enkheim 1922"]
[BlackTeam "SAbt TuS Makkabi Ffm"]

1. d4 d5 2. c4 e6 3. Nc3 Nf6 4. cxd5 exd5 5. Bg5 c6 6. e3 Bf5 7. Bd3 Bxd3 8. Qxd3 
Nbd7 9. Nf3 Be7 10. O-O O-O 11. a3 h6 12. Bh4 Re8 13. b4 Ne4 14. Nxe4 dxe4 15. Qxe4 
g5 16. Bg3 Bxb4 17. Qf5 Ba5 18. Rab1 Bb6 19. h4 Qe7 20. hxg5 Qe6 21. Qxe6 Rxe6 22. 
gxh6 Rxh6 23. Bf4 Rh5 24. g3 Kg7 25. Kg2 Rah8 26. g4 R5h7 27. Ng5 Rh6 28. Kf3 c5 
29. Ne4 Rh3+ 30. Bg3 cxd4 31. exd4 Bxd4 32. Rxb7 Ne5+ 33. Kg2 Nxg4 34. Ng5 R3h6 
35. Nxf7 Kg6 36. Nxh8+ Rxh8 37. Rd1 Bc5 38. Rd5 Bxa3 39. Rxa7 Bb2 40. Ra6+ Bf6 41. 
Rdd6 Rf8 42. Kh3 Nh6 43. Be5 Ng8 44. Kg4 Nh6+ 45. Kf4 Ng8 46. Bxf6 Nxf6 47. Ke5 
Re8+ 48. Re6 Kf7 49. Kf5 Rxe6 50. Rxe6 Nh5 51. Ra6 Ng7+ 52. Ke5 Ne8 53. f4 Ng7 54. 
Ra7+ Kf8 55. Rxg7 Kxg7 56. Ke6 Kf8 57. Kf6 Kg8 58. Ke7 Kg7 59. f5 Kh7 60. f6 Kg6 
61. f7 Kh7 62. f8Q Kg6 63. Qf4 Kh7 64. Qg5 Kh8 65. Kf7 Kh7 66. Qg7#  1-0

[Event "ch-Frankfurt A"]
[White "Diehl, Stefan"]
[Black "Cichon, Jörg"]
[Site "Frankfurt"]
[Result "1/2-1/2"]
[Round "3.30"]
[WhiteElo "1863"]
[BlackElo "1818"]
[Date "2024.05.13"]
[PlyCount "300"]
[Time "18:30:00"]
[WhiteTeam "SC Eschborn 1974"]
[BlackTeam "Sfr.Mainz 1928"]

1. f4 d5 2. Nf3 g6 3. c4 e6 4. e3 Be7 5. d4 Nf6 6. Nc3 Nbd7 7. Qc2 c5 8. cxd5 Nxd5 
9. Ne4 cxd4 10. exd4 O-O 11. Bd2 a6 12. Be2 b5 13. Rd1 Qb6 14. Bc1 Bb7 15. Nc3 Rac8 
 1/2-1/2